000 00495nam a2200145Ia 4500
008 180412s9999||||xx |||||||||||||| ||und||
020 _a3891192983
040 _aAhmadu Bello University Library - Zaria
100 _aENARSON, Donald A.
245 0 _aTuberculosis guide for low income countries.
_cDonald A. Enarson, Hans L. Rieder, Thuridur Arnadottir.
250 _a\\
_a3rd ed.
260 _aParis.
_bIUATLD
_c1994
300 _avi, 65p.: ill.
600 _aTuberculosis.
700 _aARNADOTTIR, Thuridur.;RIEDER, Hans L.
999 _c2191
_d2191